[Event "DSOL 04 Liga Gr-A 1st"]
[Site "Playchess.com INT"]
[Date "2020.06.26"]
[Round "1.4"]
[White "Damm, Clemens"]
[Black "Kessler, Thomas"]
[Result "0-1"]
[WhiteElo "1622"]
[BlackElo "1821"]
[PlyCount "130"]
[EventDate "2020.06.22"]
[EventType "team-tourn (rapid)"]
[EventCountry "GER"]
[SourceTitle "EXT 2021"]
[Source "ChessBase"]
[SourceDate "2020.10.23"]
[SourceVersion "1"]
[SourceVersionDate "2020.10.23"]
[SourceQuality "1"]
[WhiteTeam "Dresden TuR"]
[BlackTeam "Ludwigshafen II"]
[WhiteTeamCountry "GER"]
[BlackTeamCountry "GER"]

1. e4 e5 2. Nf3 Nc6 3. Bb5 Nf6 4. d3 d6 5. c3 Bd7 6. 0-0 Be7 7. h3 0-0 8. Be3 Re8 9. Nbd2 Bf8 10. b4 d5 11. Bxc6 Bxc6 12. exd5 Qxd5 13. Qe2 e4 14. dxe4 Nxe4 15. Nxe4 Rxe4 16. Rfd1 Qh5 17. Nd4 Qg6 18. Nxc6 Qxc6 19. Qf3 Rae8 20. Rac1 Qc4 21. a4 b6 22. Qf5 c5 23. bxc5 bxc5 24. Rd5 Qxa4 25. Bxc5 Bxc5 26. Rxc5 Qa3 27. Rd1 g6 28. Qd5 Qb2 29. Rc7 Re1+ 30. Rxe1 Rxe1+ 31. Kh2 Qxf2 32. Qd4 Qxd4 33. cxd4 a6 34. d5 Rd1 35. Ra7 Rxd5 36. Rxa6 Kg7 37. Rb6 Re5 38. Rb7 Kf6 39. Kg3 h5 40. Rb4 Kf5 41. Rf4+ Ke6 42. Rf3 g5 43. Kf2 Rf5 44. g3 Rxf3+ 45. Kxf3 Kf5 46. Ke3 Ke5 47. Kf3 Kd4 48. Kf2 Ke4 49. Ke2 g4 50. hxg4 hxg4 51. Kf2 Kd3 52. Kg1 Ke3 53. Kg2 Ke2 54. Kg1 Kf3 55. Kh2 Kf2 56. Kh1 Kxg3 57. Kg1 f5 58. Kh1 f4 59. Kg1 f3 60. Kf1 Kh2 61. Kf2 g3+ 62. Kxf3 g2 63. Ke4 g1Q 64. Kd3 Qg4 65. Kd2 Qe4 0-1